Welcome to the Holygrace Academy Library

Please use search bar below to get started

ENGLISH HINDI MALAYALAM ESSAYS (Record no. 2229)

MARC details
000 -LEADER
fixed length control field 00280nam a22001217a 4500
082 ## - DEWEY DECIMAL CLASSIFICATION NUMBER
Classification number 82.4
Item number JAM/E
100 ## - MAIN ENTRY--AUTHOR NAME
Personal name JAMES, RAHUL
245 ## - TITLE STATEMENT
Title ENGLISH HINDI MALAYALAM ESSAYS
260 ## - PUBLICATION, DISTRIBUTION, ETC. (IMPRINT)
Place of publication KOZHIKODE
Name of publisher DRONACHARYA PUBLICATIONS
300 ## - PHYSICAL DESCRIPTION
Number of Pages 356
650 ## - SUBJECT ADDED ENTRY--TOPICAL TERM
Topical Term ESSAYS
Geographic subdivision KERALA
942 ## - ADDED ENTRY ELEMENTS (KOHA)
Koha item type Books
Holdings
Withdrawn status Lost status Collection code Home library Current library Shelving location Date acquired Source of acquisition Serial Enumeration / chronology Full call number Accession Number Koha item type
    Reference Main Library Main Library SHELF 2-C-MALAYALAM ENCYCLOPEDIAS & OTHER BOOKS 22/09/2015 PURCHASE 595 82.4 JAM/E 06189 Books